Biblioteca

The welfare state : Promising protection in an age of anxiety (Registro nro. 56282)

Detalles MARC
000 -LÍDER
Campo fijo de descripción fija 002740000a22000970004500
100 1# - ASIENTO PRINCIPAL--NOMBRE PERSONAL
Nombre personal Higgs, Robert
245 10 - TÍTULO
Título del Material The welfare state : Promising protection in an age of anxiety
300 ## - DESCRIPCIÓN FÍSICA
Extensión Vol. 46, Num. 5 (Mayo, 1996), Páginas 260-266
773 0# - HOST ITEM ENTRY
Title The Freeman
942 ## - TIPO DE MATERIAL (KOHA)
Tipo de Item KOHA Artículos de Revista
Existencias
Estado de Material Estado de Perdido Estado de Dañado No para Préstamo Colección Biblioteca de Origen Biblioteca Permanente Fecha de Adquisición Total de Préstamos Signatura Topográfica Última vez visto Fecha de Remplazo Tipo de Material
        Colección de Hemeroteca Biblioteca FUSBC Biblioteca FUSBC 26/01/2016   26/01/2016 26/01/2016 Artículos de Revista

Biblioteca FUSBC | Teléfono: (57+4) 349 88 10 Ext. 141| WhatsApp (+57) 3005338115 
E-mail: biblioteca@unisbc.edu.co | Calle 76 87-14 Robledo Palenque, Medellín, Colombia

Con tecnología Koha